Central Library OPAC University of Rajshahi
Normal view MARC view

Entry Topical Term

Number of records used in: 2

001 - CONTROL NUMBER

  • control field: 9573

003 - CONTROL NUMBER IDENTIFIER

  • control field: BD-RjUL

005 - DATE AND TIME OF LATEST TRANSACTION

  • control field: 20231016112439.0

008 - FIXED-LENGTH DATA ELEMENTS

  • fixed length control field: 231016|| aca||aabn | a|a d

040 ## - CATALOGING SOURCE

  • Original cataloging agency: BD-RjUL
  • Transcribing agency: BD-RjUL

150 ## - HEADING--TOPICAL TERM

  • Topical term or geographic name entry element: Customer relations
  • General subdivision: Management

670 ## - SOURCE DATA FOUND

  • Source citation: Work cat.: (BD-RjUL)82120: Baran, Roger J. (Roger Joseph), 1945- author. 9572, Customer relationship management :, 2017